Cuba arte contemporáneo = Cuba contemporary art /
Una obra única que muestra una selección del más reciente arte contemporáneo, local, internacional, controversial, introvertido y desconocido de Cuba la perla de las Antillas.
| Main Author: | |
|---|---|
| Other Authors: | , |
| Format: | Book |
| Language: | Spanish English |
| Published: |
[Lugar de publicación no identificado]
Ceiba Publications,
2012.
|
| Edition: | Primera edición. |
| Subjects: |
MARC
| LEADER | 00000nam a2200000 i 4500 | ||
|---|---|---|---|
| 003 | Ucuenca | ||
| 005 | 20240118062608.0 | ||
| 006 | a||||fr|||| 001 0 | ||
| 007 | ta | ||
| 008 | 210302t20122012sp aaaaf |||| 001 0 spa a | ||
| 020 | |a 978-0-9550459-4-3 | ||
| 020 | |a 978-84-7506-952-4 | ||
| 040 | |a UCuenca-cdrjbv |b spa |c Ucuenca |e rda | ||
| 041 | 1 | |a spa |a eng | |
| 082 | 0 | |2 22 |a 709.04 |c 29914183 | |
| 100 | 1 | |9 261959 |a Sosa, Sandra. |e autor | |
| 245 | 0 | 1 | |a Cuba arte contemporáneo = Cuba contemporary art / |c Sandra Sosa, Darys Vázquez, traductor Olimpia Sigarroa. |
| 250 | |a Primera edición. | ||
| 264 | 1 | |a [Lugar de publicación no identificado] |b Ceiba Publications, |c 2012. | |
| 264 | 4 | |c ©2012 | |
| 300 | |a 285 páginas: |b ilu |c 29 cm | ||
| 336 | |2 rdacontent |a texto |b txt | ||
| 337 | |2 rdamedia |a no mediado |b n | ||
| 338 | |2 rdacarrier |a volumen |b nc | ||
| 505 | 0 | |a Arte desde el ojo del huracán -- Artistas. | |
| 520 | 0 | |a Una obra única que muestra una selección del más reciente arte contemporáneo, local, internacional, controversial, introvertido y desconocido de Cuba la perla de las Antillas. | |
| 650 | 1 | 4 | |a Arte contemporáneo |9 2517 |
| 650 | 1 | 7 | |2 UCuenca-cdrjbv |9 52548 |a Cultura cubana |
| 700 | 1 | |9 261961 |a Vázquez, Darys. |e autor | |
| 700 | 1 | |9 261962 |a Sigarroa, Olimpia. |e traductor | |
| 942 | |2 ddc |c BK |z patricia.tenesaca@ucuenca.edu.ec | ||
| 999 | |c 159253 |d 159253 | ||